Länder mit den meisten Einwohnern - Statistiken

Allgemein
  • Dieses Quiz wurde 181 mal gespielt
  • Das Durchschnittsergebnis liegt bei 16 aus 20
Antwortstatistiken
Hint Antwort % Korrekt
212 Brasilien
99%
1417 China
99%
1457 Indien
99%
346 USA
99%
84 Deutschland
96%
144 Russland
95%
285 Indonesien
91%
123 Japan
91%
131 Mexiko
89%
235 Nigeria
83%
118 Ägypten
78%
253 Pakistan
77%
175 Bangladesch
74%
111 DR Kongo
73%
88 Türkei
72%
72 Thailand
69%
92 Iran
66%
101 Vietnam
62%
116 Philippinen
60%
134 Äthiopien
58%
Keine übereinstimmenden Quizze gefunden
Verteilung der Resultate
Anzahl Personen mit jedem Resultat
Perzentil nach korrekt beantworteten Fragen
Ihre Resultats-Entwicklung
Sie haben dieses Quiz noch nicht gespielt